header

Melancholia (Record no. 181122)

MARC details
000 -LEADER
fixed length control field 01297nam a2200325Ia 4500
082 04 - DEWEY DECIMAL CLASSIFICATION NUMBER
Classification number 616.8527
100 1# - MAIN ENTRY--AUTHOR NAME
Personal name Taylor, Michael Alan,
245 10 - TITLE STATEMENT
Title Melancholia
260 ## - PUBLICATION, DISTRIBUTION, ETC. (IMPRINT)
Place of publication Cambridge ;
-- New York :
Name of publisher Cambridge University Press,
Year of publication 2006.
300 ## - PHYSICAL DESCRIPTION
Number of Pages xv, 544 p.
650 #0 - SUBJECT ADDED ENTRY--TOPICAL TERM
Topical Term Depression, Mental.
Topical Term Affective disorders.
700 1# - ADDED ENTRY--PERSONAL NAME
Personal name Fink, Max,
856 40 - ELECTRONIC LOCATION AND ACCESS
Uniform Resource Identifier http://site.ebrary.com/lib/rucke/Doc?id=10130441

No items available.

© 2026 Rongo University
Contact us: librarian | system librarian | Rongo university